000 00362nam a2200133Ia 4500
008 100328s9999 xx 000 0 und d
082 _b11434
100 _aसावंत वसंत
245 _aस्वस्तिक
260 _bपॉप्युलर
630 _aस्वस्तिक
730 _aस्वस्तिक
942 _cBOOK
999 _c506755
_d506752